|
|
|
|
| LEADER |
00759cam a2200193 7i4500 |
| 001 |
0000045525 |
| 005 |
20170330090000.0 |
| 020 |
|
|
|a 9780805861075 (hbk.)
|
| 090 |
0 |
0 |
|a BF721
|b .H42 2009
|
| 245 |
0 |
0 |
|a Human development from early childhood to early adulthood :
|b findings from a 20 year longitudinal study
|c edited by Wolfgang Schneider, Merry Bullock.
|
| 260 |
|
|
|a New York:
|b Psychology Press,
|c 2009.
|
| 300 |
|
|
|a x, 279 p.:
|b ill.;
|c 23 cm.
|
| 650 |
0 |
0 |
|a Child psychology
|
| 650 |
0 |
0 |
|a Developmental psychology
|
| 700 |
1 |
|
|a Bullock, Merry
|
| 700 |
1 |
|
|a Schneider, Wolfgang
|
| 997 |
|
|
|a Education & Social Sciences, Faculty
|b Social Sciences, Department
|
| 998 |
|
|
|a Industrial Psychology, Degree
|
| 999 |
|
|
|a 0000055773
|b BOK
|c OPEN SHELF
|e 1st Floor, Bestari Jaya
|